000 00370nam a22001457a 4500
005 20250319130053.0
008 250319b |||||||| |||| 00| 0 eng d
020 _a818281068X
050 _aHB 73 KUM
_b1
100 _aKUMAR, Sanjeev
245 _aEconomic laws and practice
260 _aDelhi
_bVrinda publications
_c2003
300 _axlviii,1054p
942 _2lcc
_cBK
_n0
999 _c4950
_d4950